Propuesta de distribución de planta como medio para la mejora de las operaciones de almacenamiento en la bodega de cerámica del centro de distribución de la empresa Silva Internacional S.A durante el segundo semestre de 2017

Presenta la propuesta de una distribución de planta mediante el uso de herramientas de gestión de almacenes en el cual se realizó un diagnóstico de la situación actual del almacén, así como el diseño y análisis económico para la propuesta de distribución.

Bibliographic Details
Main Authors: Alemán Taleno, Carlos Alberto, Bravo Ramírez, Lester Antonio
Other Authors: Tutor: Fuentes Guevara, Oscar Danilo
Format: Tesis Section = Libro
Language:Undetermined
Spanish
Published: Managua UNI 2018
Subjects:
LEADER 01240nam a2200265Ia 4500
008 240830s9999 xx 000 0 und d
040 |a BIBLIOTECA-RUPAP Mon 658.787 A367 
041 |a spa 
082 |a Mon 658.787 A367 
100 1 |a Alemán Taleno, Carlos Alberto 
100 1 |b  Bravo Ramírez, Lester Antonio 
245 1 0 |a Propuesta de distribución de planta como medio para la mejora de las operaciones de almacenamiento en la bodega de cerámica del centro de distribución de la empresa Silva Internacional S.A durante el segundo semestre de 2017 
260 |a Managua  |b UNI  |c 2018 
300 |a 155 p. :il. 
500 |a Contiene anexos y CD 
502 |a Tesis (Ingeniero Industrial)- UNI, 2018. 
520 3 |a Presenta la propuesta de una distribución de planta mediante el uso de herramientas de gestión de almacenes en el cual se realizó un diagnóstico de la situación actual del almacén, así como el diseño y análisis económico para la propuesta de distribución. 
650 7 |a INVENTARIO – ANALISIS 
650 7 |b GESTION DE ALMACENES 
650 7 |c PRODUCTOS 
650 7 |d MATERIALES – MANEJO 
700 1 |a Tutor:  |b Fuentes Guevara, Oscar Danilo 
942 |c BK  |2 ddc 
991 |a TESIS 
999 |c 17590